000 01243nam0a2200349 4500
001 RU\NLR\BIBL_A\012462576
005 20210316153045.0
010 _a978-5-4465-2846-2
_950
021 _aRU
_bКН-П-20-061614
_9КН-П-20-4623
035 _a(NLR Aleph) 012462576
035 _a(RuMoRGB)010444015
090 _a12033116
_c12033116
100 _a20210301d2020 u y0rusy50 ca
101 0 _arus
102 _aRU
105 _aaczzzz||000gy
181 0 _ai
_baxxe
182 0 _an
200 1 _aРифмы эмоций
_e[сборник стихов]
_fАлекса Форс
203 _aТекст
_bвизуальный
_cнепосредственный
210 _aМосква
_cРифмоград
_d2020
215 _a49 с.
_cил., портр.
_d21
300 _aНа 3-й с. текста авт.: Алекса Форс (настоящее имя: Фёдорова Александра Петровна) 5 ноября 1988 г.
333 _a14+
686 2 _aШ6(2=Р)8-5
700 1 _aФорс
_bА.
_cпсевдоним
_f1988-
_gАлекса
_3RU\NLR\AUTH\770227844
942 _cBOOK
980 _aNBR
980 _aNB